LEADER 00893nam a2200217 i 4500 001 000000051718 003 CaOOAMICUS 005 20251010134432.0 008 130118s1685 xx u000 u lat u 013 $a22890 026 $at.us i-75 ern- quni (3) 1685 (R) 040 $aSeMil$bita 245 10$aTomus primus. 300 $a[20], 440 p. 500 $aSegn : *8 2*6 A-2N6 2O4 500 $aNumerosi errori nella numerazione 773 0 $aSanchez, Thomas $tR. Patris Thomae Sanchez cordubensis ... De sancto matrimonii sacramento disputationum tomi tres ... Tomus 1. [-3.].$bPosterior & accuratior editio, ...$dVenetiis : Ad instantiam Stephani Curti, 1685.$g1$w()27933 850 $aSeMil 852 $aSeMil$W1$xVenegono$y1$m2F VI 52 FA$j17873$B17873$CSeMilBibl$Z2$F17874 $8I 996 $6245$aTomus primus$9(OLS)http://semarc/title/52107 LEADER 01151nam a2200217 i 4500 001 000000005137 003 CaOOAMICUS 005 20260409124205.0 008 180830s1922 gw u000 u lat u 040 $aSeMil$bita 041 $alat$agrc 240 10$aBibbia. Nuovo Testamento.$0(OLS)http://semarc/title/436485 245 10$aNovum Testamentum graece et latine :$btextum graecum recensuit, apparatum criticum ex editionibus et codicibus manuscriptis collectum addidit, textum latinum ex vulgata versione ... /$cHenr. Jos. Vogels. 260 $aDüsseldorf :$bL. Schwann,$c1922. 300 $av. ;$c19 cm. 500 $aNon posseduto il vol. 2 700 1 $aVogels, Heinrich Joseph.$0(OLS)http://semarc/name/2975 774 0 $t1: Evangelia et Actus apostolorum.$dDüsseldorf : L. Schwann, 1922.$g1$w()48957 996 $6245$aNovum Testamentum graece et latine :$btextum graecum recensuit, apparatum criticum ex editionibus et codicibus manuscriptis collectum addidit, textum latinum ex vulgata versione ...$9(OLS)http://semarc/title/459012 996 $6260$aDüsseldorf :$bL. Schwann$9(OLS)http://semarc/publisher/31430